| 000 | 00733nam a2200253 4500 | ||
|---|---|---|---|
| 003 | OSt | ||
| 005 | 20260530115259.0 | ||
| 008 | 260418b1972 enka|||| |||| 00| 0 eng d | ||
| 040 |
_aICI _bspa _cICI |
||
| 041 | _aeng | ||
| 050 |
_aNC703 _bJ65 |
||
| 100 | 1 |
_aJones, J. Christopher _930956 |
|
| 245 | 1 | 0 |
_aDesign methods : seeds of human futures / _cJ. Christopher Jones |
| 264 | 1 |
_bLondon : _cWiley-Interscience, _a1972 |
|
| 300 |
_a406 páginas : _bilustraciones |
||
| 336 |
_atexto _2rdacontent |
||
| 337 |
_asin medio _2rdamedia |
||
| 338 |
_avolumen _2rdacarrier |
||
| 650 | 1 | 4 |
_aDiseño _92672 |
| 650 | 1 | 4 |
_aDiseño industrial _915218 |
| 650 | 1 | 4 |
_aInnovación _930957 |
| 650 | 1 | 4 | _aSolución de problemas |
| 942 |
_2lcc _cBK |
||
| 999 |
_c12765 _d12765 |
||